| 000 | 00879nam a2200301Ia 4500 | ||
|---|---|---|---|
| 001 | A0690 | ||
| 003 | IT-RoPAU | ||
| 008 | 130308s9999 xx 000 0 und d | ||
| 040 | _aIT-RoPAU | ||
| 040 | _cIT-RoPAU | ||
| 041 | _aITALIANO | ||
| 100 | _aGrignaffini Giovanna | ||
| 100 | _gCodice Aut. SPICS: 5806 | ||
| 245 | _aStato dell'unione (Lo). Appunti sull'industria cinematografica italiana (1945-1949) | ||
| 245 | _bNeorealismo-Cinema Italiano 1945-1949 | ||
| 250 | _a1a ed. | ||
| 260 | _aTORINO | ||
| 260 | _bEDT | ||
| 260 | _c1989 [1° Ed.:1989 - Ed.Ling.Originale:1989] | ||
| 300 | _a"8 p. (prefazione: no ; testo: 8 [pagine: 37-44])" | ||
| 500 | _aLeggende. Voci, Cifre, Documenti. Ripartire Dai Dati. | ||
| 650 | _aSTORIA NAZIONALE DEL CINEMA | ||
| 650 | _eCodice materia Spics: 6809 | ||
| 942 | _cBK | ||
| 957 | _71 | ||
| 999 |
_c54515 _d54515 |
||
| 999 | _bSI | ||
| 999 | _g1 | ||